| 000 | 01219cam a2200325 i 4500 | ||
|---|---|---|---|
| 001 | 113520 | ||
| 005 | 20230410132752.0 | ||
| 008 | 131015b2008 sp a 000 0 spa | ||
| 020 | _a9788434453487 | ||
| 020 | _a8434453487 | ||
| 041 | 0 | _aspa | |
| 050 | 1 | 4 |
_aQC 174.17 _bL746i 2008 |
| 082 | 0 | 0 | _a530.162 |
| 100 | 1 |
_aLindley, David, _d1956- |
|
| 245 | 1 | 0 |
_aIncertidumbre : _bEinstein, Heisenberg, Bohr y la lucha por la esencia de la ciencia / _cDavid Lindley ; traducción de Joan Soler |
| 260 |
_aBarcelona : _bEditorial Ariel, _c2008 |
||
| 300 |
_a255 p. : _c24 cm |
||
| 504 | _aBibliografía: p. 243-246. Índice | ||
| 534 |
_aTitulo original : _tUncertainty : Einstein, Heisenberg, Bohr, and the struggle for the soul of science. |
||
| 650 | 0 | _aHeisenberg uncertainty principle. | |
| 650 | 0 |
_aPhysics _xPhilosophy. |
|
| 600 | 1 | 0 |
_aHeisenberg, Werner _d1901-1976 |
| 650 | 4 | _aHeisenberg, Principio de incertidumbre de | |
| 650 | 4 | _aPrincipio de incertidumbre de Heisenberg. | |
| 650 | 4 | _aFísica cuántica. | |
| 650 | 4 | _aPrimera Jornada de Catalogacion. | |
| 700 | 1 |
_aSoler, Joan, _etr. |
|
| 856 | 4 | 1 |
_3Table of contents only _uhttp://www.loc.gov/catdir/toc/ecip0614/2006017029.html |
| 942 |
_2lcc _cbk |
||
| 999 |
_c87404 _d87404 |
||